000 00582nam a22001937a 4500
003 NUST
005 20230612163040.0
008 190730b ||||| |||| 00| 0 eng d
038 _aMr. Noman
082 _a658
100 _aJalil, Zunaira
_918881
245 _aBehavioral Issues and Investor's Decision Marking:
_bA Case Study of the Pakistan Stock Exchange
_cZunaira Jalil.
260 _aIslamabad:
_bNBS - NUST,
_c2018.
300 _a61 p.: ill.;
_c30cm.
500 _aHardcover.
650 _aMBA Thesis.
_917629
700 _aDr. Imtiaz Badshah.
_917767
942 _2ddc
_cTHE
999 _c527552
_d527552